| 000 | 00548nam a2200181 i 4500 | ||
|---|---|---|---|
| 001 | 55760 | ||
| 003 | ES-MaACL | ||
| 005 | 20230906163220.0 | ||
| 007 | t| | ||
| 008 | 030926s1972 sp ||||1| spa d | ||
| 100 | 1 |
_aDewald, Paul A. _944034 |
|
| 245 | 1 | 0 |
_aPsicoterapia _b: un enfoque dinámico / _cpor Paul A. Dewald ; versión Alberto Solá Castelló. |
| 250 | _a[1ª ed.]. | ||
| 260 |
_aBarcelona : _bToray, _c[1972] |
||
| 300 |
_aXX, 352 p. ; _c22 cm. |
||
| 700 | 1 |
_aSolá Castelló, Alberto. _9107051 |
|
| 852 |
_aES-MaACL _jC-49335 _bR.84435 |
||
| 999 |
_c55760 _d55760 |
||